Délmagyarország. - 1930. június 13., Péntek
Elmentve itt :
| Dokumentumtípus: | Újság |
|---|---|
| Megjelent: |
1930-06-13
|
| Sorozat: | Délmagyarország
6 No. 131 |
| Online Access: | http://dmarchiv.bibl.u-szeged.hu/6209 |
| LEADER | 00486nas a2200145 i 4500 | ||
|---|---|---|---|
| 001 | delm6209 | ||
| 005 | 20200414150637.0 | ||
| 008 | 171213s1930 hu n o 0|| hun d | ||
| 022 | |a 0133-025X | ||
| 040 | |a SZTE Délmagyarország Archívum |b hun | ||
| 041 | |a hun | ||
| 245 | 0 | 0 | |a Délmagyarország. - 1930. június 13., Péntek |h [elektronikus dokumentum] |
| 260 | |c 1930-06-13 | ||
| 490 | 0 | |a Délmagyarország |v 6 No. 131 | |
| 856 | 4 | 0 | |u http://dmarchiv.bibl.u-szeged.hu/6209/1/dm_1930_131.pdf |z Dokumentum-elérés |